[Event "POL-ch U15 Qual"]
[Site "Jastrzebia Gora"]
[Date "2021.11.21"]
[Round "9"]
[White "Racis, Michal"]
[Black "Fojcik, Kacper"]
[Result "1-0"]
[WhiteElo "1820"]
[BlackElo "1345"]
[PlyCount "119"]
[EventDate "2021.11.15"]
[EventType "swiss"]
[EventRounds "9"]
[EventCountry "POL"]
[SourceTitle "EXT 2023"]
[Source "ChessBase"]
[SourceDate "2022.10.05"]
[SourceVersion "1"]
[SourceVersionDate "2022.10.05"]
[SourceQuality "1"]

1. d4 Nf6 2. Nf3 g6 3. g3 Bg7 4. Bg2 0-0 5. 0-0 d6 6. c4 c6 7. Nc3 Nbd7 8. e4 e5 9. h3 Ne8 10. Be3 Qc7 11. Qd2 f5 12. Bh6 Ndf6 13. Bxg7 Nxg7 14. Rfe1 fxe4 15. Nxe4 Nxe4 16. Rxe4 exd4 17. Rae1 Bd7 18. Nxd4 Rae8 19. Qh6 Rxe4 20. Rxe4 Nf5 21. Qd2 Nxd4 22. Rxd4 Rf6 23. Qg5 Rf7 24. g4 c5 25. Rd2 Kg7 26. Bd5 Rf6 27. Qh4 Qb8 28. g5 Rf5 29. Qg3 Qe8 30. Kf1 Qe5 31. Qb3 b6 32. Re2 Qf4 33. Qc3+ Re5 34. Re4 Qf5 35. Ke1 Kf8 36. Rxe5 Qxe5+ 37. Qxe5 dxe5 38. h4 Kg7 39. Ke2 h6 40. Ke3 hxg5 41. hxg5 Bf5 42. f4 exf4+ 43. Kxf4 Kf8 44. Ke5 Ke7 45. a3 a5 46. Bc6 Bd3 47. Bd5 Bf5 48. Bf3 Bd3 49. Kd5 Kd7 50. Bg4+ Kc7 51. Be6 Bc2 52. Ke5 Kd8 53. Kd6 Be4 54. Bd5 Bc2 55. Kc6 a4 56. Kxb6 Kd7 57. Kxc5 Kc7 58. Bf7 Bd3 59. Kb4 Bc2 60. Be8 1-0

[Event "Jastrzebie Zdroj op 4th"]
[Site "Jastrzebie Zdroj"]
[Date "2021.11.12"]
[Round "8"]
[White "Zmarzly, Wiktor"]
[Black "Fojcik, Kacper"]
[Result "1-0"]
[WhiteElo "1665"]
[BlackElo "1345"]
[PlyCount "117"]
[EventDate "2021.11.07"]
[EventType "swiss"]
[EventRounds "9"]
[EventCountry "POL"]
[SourceTitle "CBM 205 Extra"]
[Source "ChessBase"]
[SourceDate "2022.01.31"]
[SourceVersion "1"]
[SourceVersionDate "2022.01.31"]
[SourceQuality "1"]

1. e4 c6 2. d4 d5 3. Nc3 dxe4 4. Nxe4 Nf6 5. Nxf6+ gxf6 6. Nf3 Bg4 7. Be2 Nd7 8. Be3 e6 9. Qd2 Qc7 10. h3 Bh5 11. 0-0-0 Nb6 12. Bf4 Bd6 13. Bxd6 Qxd6 14. Kb1 0-0-0 15. c3 Bg6+ 16. Bd3 Kb8 17. Qc2 Nd5 18. Bxg6 hxg6 19. g3 Ne7 20. Nd2 Nc8 21. Ne4 Qe7 22. h4 Nb6 23. Rhe1 f5 24. Nc5 Qc7 25. Nd3 Nd5 26. Ne5 Nf6 27. Qc1 Rhf8 28. f3 Nd7 29. Nxd7+ Qxd7 30. Qf4+ Qd6 31. Qxd6+ Rxd6 32. Rh1 Rh8 33. g4 Rdd8 34. Kc2 Rh7 35. Rd2 Rdh8 36. Rdh2 Kc7 37. Kd3 Kd6 38. Ke3 Ke7 39. Kf4 Kf6 40. g5+ Ke7 41. Ke5 Rh5 42. c4 Rd8 43. Rd2 Rdh8 44. Rdh2 Rd8 45. f4 b6 46. Rd1 Rd7 47. d5 cxd5 48. cxd5 Rxd5+ 49. Rxd5 exd5 50. Kxd5 Kd7 51. Ke5 a5 52. Kf6 Rh7 53. Re2 Rxh4 54. Kxf7 Rxf4 55. Kxg6 Rf1 56. Kf7 f4 57. g6 f3 58. Rd2+ Kc6 59. g7 1-0

[Event "Jastrzebie Zdroj op 4th"]
[Site "Jastrzebie Zdroj"]
[Date "2021.11.08"]
[Round "3"]
[White "Fojcik, Kacper"]
[Black "Matusiak, Andrzej1111"]
[Result "1/2-1/2"]
[WhiteElo "1345"]
[BlackElo "1659"]
[PlyCount "64"]
[EventDate "2021.11.07"]
[EventType "swiss"]
[EventRounds "9"]
[EventCountry "POL"]
[SourceTitle "CBM 205 Extra"]
[Source "ChessBase"]
[SourceDate "2022.01.31"]
[SourceVersion "1"]
[SourceVersionDate "2022.01.31"]
[SourceQuality "1"]

1. d4 d5 2. c4 dxc4 3. Nc3 e6 4. e3 Nf6 5. Bxc4 Nc6 6. Nf3 Bb4 7. Bd2 0-0 8. 0-0 a6 9. a3 Bxc3 10. Bxc3 Ne4 11. Qc2 Nxc3 12. bxc3 b5 13. Ba2 Ne7 14. Ng5 Nf5 15. Ne4 Bb7 16. Ng3 Qg5 17. e4 Nxg3 18. hxg3 Rad8 19. Rad1 Qe7 20. a4 bxa4 21. f3 Bc6 22. Qe2 Ra8 23. Bc4 a5 24. Ra1 Rfb8 25. Qa2 Be8 26. Rfb1 c5 27. d5 exd5 28. Bxd5 Rxb1+ 29. Rxb1 Rc8 30. Rb7 Qf8 31. Ra7 g6 32. Rb7 c4 1/2-1/2